000 00440nam a2200169Ia 4500
008 131103s9999 xx 000 0 und d
040 _aLoreto College
041 _aEnglish
082 _aF/GAL
_bLCLIB/25229
100 _aGalsworthy,John
245 4 _aThe Forsyle saga
_cJohn Galsworthy
260 _aHarmondsworth
_bPenguin Books
_c1978
300 _a906 p.
_c 18 cm.
650 _aFiction in English
850 _aLCLIB
942 _cBK
999 _c14436
_d64915